|
|
|
|
| LEADER |
00963nam a2200253 a 4500 |
| 001 |
c000110660 |
| 003 |
CARM |
| 005 |
19900424000000.0 |
| 008 |
870401s1972 ur 000 0 rus d |
| 019 |
1 |
|
|a 7204374
|z 26927830
|5 LACONCORD2021
|
| 035 |
|
|
|a (OCoLC)4403134
|5 LACONCORD2021
|
| 040 |
|
|
|a ANL
|b eng
|c ANL
|
| 050 |
0 |
0 |
|a PG3011
|b R5
|
| 082 |
0 |
4 |
|a 891.709003
|
| 100 |
1 |
|
|a Riurikov, Boris Sergeevich.
|
| 245 |
1 |
0 |
|a O russkikh klassikakh /
|c [Avt. vetupit. stati I. Chernoutsai].
|
| 260 |
|
|
|a Moskva :
|b "Khudozh. lit.",
|c 1972.
|
| 300 |
|
|
|a 527 p. ;
|c 21 cm.
|
| 500 |
|
|
|a At head of title: B. Riurikov.
|
| 504 |
|
|
|a Includes bibliographical references.
|
| 650 |
|
0 |
|a Russian literature
|y 19th century
|x History and criticism.
|
| 852 |
8 |
|
|b CARM
|h A2:AH13B0
|i B03488
|p 0141830
|f BK
|
| 999 |
f |
f |
|i 788c439a-7f0f-56c7-bf71-9f984cf03ce4
|s 16f79642-e6d6-5271-a761-3e1b7c348224
|
| 952 |
f |
f |
|p Can circulate
|a CAVAL
|b CAVAL
|c CAVAL
|d CARM 1 Store
|e B03488
|f A2:AH13B0
|h Other scheme
|i book
|m 0141830
|